000 00445nam a22001697a 4500
003 OSt
008 240515b2006 |||||||| |||| 00| 0 eng d
020 _a0195677951
082 _a658.4013
_bBED-Q
100 _aBedi, Kanishka
245 _aQuality Management /
_cKanishka Bedi.
260 _aNew Delhi :
_bOxford University;
_c2006.
300 _a712 p. ;
650 _aQuality control
650 _aTotal quality management
942 _2ddc
_cBK
999 _c20536
_d20536